Online Catalogue and eLibrary

Search for a Tamil homeland :. (Record no. 244)

MARC details
000 -LEADER
fixed length control field 00420nam a22001577a 4500
005 - DATE AND TIME OF LATEST TRANSACTION
control field 20240130054039.0
008 - FIXED-LENGTH DATA ELEMENTS--GENERAL INFORMATION
fixed length control field 240130b |||||||| |||| 00| 0 eng d
020 ## - INTERNATIONAL STANDARD BOOK NUMBER
ISBN 9555720045
082 ## - DDC Classification
DDC Edition Number 22
Class No. 305.8
Item Number - Author Mark SEA.
100 ## - MAIN ENTRY--PERSONAL NAME
Personal name Retd Seneviratne, mark
245 ## - TITLE STATEMENT
Title Search for a Tamil homeland :.
Statement of responsibility, etc. Seneviratne maark.
260 ## - PUBLICATION, DISTRIBUTION, ETC.
Place of publication, distribution, etc. Sri Lanka,
Name of publisher, distributor, etc. Swastika ( Pvt) LTD,
Date of publication, distribution, etc. 1995
300 ## - PHYSICAL DESCRIPTION
Extent (e.g. Volumes, Pages etc.) 57 p,
650 ## - SUBJECT ADDED ENTRY--TOPICAL TERM
Topical term or geographic name entry element politics.
942 ## - Koha item type (Biblio)
Koha item type Books in Stacks (Lending)
Holdings
Lost status Damaged status Collection code Home library Current library Date acquired Full call number Accession Number Item type
    Lending WERC Library WERC Library 01/30/2024 305.8 SEA. 5099 Books in Stacks (Lending)

© WERC Library